Carregant...
LEADER 01005nam a22002057a 4500
082 |a 894.M3  |b KAK/O M2 
100 |a കാക്കനാടന്‍;  |9 3592 
100 |a Kakkanadan  |9 3593 
240 |a Orotha 
245 |a ഒറോത 
250 |a 1st 
260 |a Kottayam;  |b D C Books;  |c 1982 
300 |a 104p. 
650 |a മലയാളം; മലയാളം നോവല്‍  |9 3 
650 |a Malayalam; Malayalam Novel; Literature; Malayalam Fiction  |9 3594 
942 |c BK 
999 |c 31438  |d 31438 
952 |0 0  |1 0  |4 0  |6 894_000000000000000_M3_KAK_O_M2  |7 0  |8 FIC  |9 34520  |a MAL  |b MAL  |d 2015-05-05  |e 33000  |g 7.50  |l 0  |o 894.M3 KAK/O M2  |p MAL033000  |r 2015-05-05  |t 1  |w 2015-05-05  |y BK 
952 |0 0  |1 0  |4 0  |6 894_000000000000000_M3_KAK_O_M21  |7 0  |8 FIC  |9 34521  |a MAL  |b MAL  |d 2015-05-05  |e 39785  |g 8.00  |l 0  |o 894.M3 KAK/O M2;1  |p MAL039785  |r 2015-05-05  |t 2  |w 2015-05-05  |y BK 
952 |0 0  |1 0  |4 0  |6 894_000000000000000_M3_KAK_O_M22  |7 0  |8 FIC  |9 34522  |a MAL  |b MAL  |d 2015-05-05  |e 30941  |g 7.00  |l 0  |o 894.M3 KAK/O M2;2  |p MAL030941  |r 2015-05-05  |t 3  |w 2015-05-05  |y BK